书目信息 |
| 题名: |
中药有效成分提取分离实例
|
|
| 作者: | 卢艳花 主编 | |
| 分册: | ||
| 出版信息: | 北京 化学工业出版社 2007 |
|
| 页数: | ||
| 开本: | 26cm | |
| 丛书名: | ||
| 单 册: | ||
| 中图分类: | R284.2 | |
| 科图分类: | ||
| 主题词: | 中药学 | |
| 电子资源: | ||
| ISBN: | 978-7-5025-9425-1 | |
| 000 | 00544nam0 2200181 450 | |
| 001 | 0754114953 | |
| 005 | 20070929150154.95 | |
| 010 | @a978-7-5025-9425-1 | |
| 100 | @a20070929d km y0chiy0120 ea | |
| 101 | 0 | @achi |
| 200 | 1 | @a中药有效成分提取分离实例@Azhong yao you xiao cheng fen ti qu fen li shi li@f卢艳花 主编@Flu yan hua zhu bian |
| 210 | @a北京@c化学工业出版社@d2007 | |
| 215 | @c插图@d26cm | |
| 606 | 0 | @a中药学 |
| 690 | @aR284.2@v3 | |
| 701 | 0 | @a卢艳花@Alu yan hua@4主编 |
| 801 | 0 | @aCN@bPFT@c20070929 |
| 905 | @a213230@dR284.2@eh41@f1 | |
| 中药有效成分提取分离实例/卢艳花 主编.-北京:化学工业出版社,2007 |
| 插图;26cm |
| ISBN 978-7-5025-9425-1: |
| ● |
| 相关链接 |
|
|
|
|
正题名:中药有效成分提取分离实例
索取号:R284.2/h41
 
预约/预借
| 序号 | 登录号 | 条形码 | 馆藏地/架位号 | 状态 | 备注 |
| 1 | 6002391 | 260023913 | 密集书库-化学系/ [索取号:R284.2/h41] | 在馆 | |
| 2 | 6002392 | 260023922 | 密集书库-化学系/ [索取号:R284.2/h41] | 在馆 |